000 00943nas a2200289 4500
001 BR2013006253
003 BR-BrBNA
005 20231205122752.0
007 ta
008 230509b bl.|||p| |||| 00| 00por d
040 _aBR-BrBNA
_bpor
_cBiblioteca Nacional de Agricultura
041 _a(En)
072 _aH10
100 1 _aCruz, L.D.
100 1 _aFernandes, F.R.
100 1 _aLinhares, A.X.
245 1 _aPrevalence of larvae of the bot fly Cuterebra simulans (Diptera, Oestridae)on Gracilinanus microtarsus (Didelphimorphia, Didelphidae)in southeastern cerrado from Brazil
650 _aPARASITISMO
650 _aMOSCA BERNEIRA
650 _aMIIASE
650 _aESTAÇÃO DO ANO
650 _aVERÃO
650 _aCERRADO
773 0 _tRevista Brasileira de Entomologia (Brazil)
_xISSN 0085-5626
_g(Apr-Jun 2009), v. 53(2) p. 314-317
_wBR2013006253
909 _a202311
_bLúcia
_c55
_dLúcia Elande
942 _2AGRIS
_n0
_cANA
999 _c230456
_d230456